000 00345nam a2200133Ia 4500
005 20260328101518.0
008 260328s9999||||xx |||||||||||||| ||und||
100 _aHind, Charles
245 0 _aPalladio and his legacy :
_b A transatlantic journey /
_cCharles Hind
260 _bMarsilio
300 _a179 p.
650 _aARQUITECTURA
942 _cBK
999 _c9471
_d9471